000 01039nam a2200337 a 4500
001 037616
003 DO-SdBPM
005 20250723142517.0
007 ta
008 121008s1997 sp 000 0 spa d
020 _a8408020013
040 _aDO-SdBPM
_bspa
_cBPMSU
_erda
082 4 _a813.5
_bH554v 1997
_222
100 1 _aHemingway, Ernest,
_d1899-1961
_eautor
_934
240 _aThe old man and the sea.
_lEspañol
245 1 3 _aEl viejo y el mar /
_cErnest Hemingway ; tradución Lino Novas Calvo
264 _aBarcelona :
_bFundación Ernest,
_c1997.
300 _a230 páginas ;
_c21 cm.
336 _atexto
_btxt
_2rdacontent
337 _asin mediación
_bn
_2rdamedia
338 _avolumen
_bnc
_2rdacarrier
490 0 _aNarrativa
500 _a
590 _aInventariado, 2025/VM
650 7 _aNovela estadounidense
_2
650 7 _aAdultos mayores
_vNovela
650 7 _aOcéano
_v Novela
_2
700 1 _aNovas Calvo, Lino
_etraductor
910 _aVMateo V. Control de calidad. BPMSU
942 _2ddc
_cBK
999 _c9468
_d9468